000 00518nam a2200169 a 4500
005 20230616063520.0
008 991125s1967 mx 000 0 spa u
035 _aUPN01000017570
049 _aCG
050 4 _aLB1593 F5
_bC7.3
100 1 _aCruz Lirón, Juan Manuel
245 1 3 _aLa educación física en la escuela primaria /
_cJuan Manuel Cruz Lirón.
260 _aMéxico :
_bOasis,
_c1967.
300 _a372 p. :
_bil.
650 4 _aEducación física
_xEstudio y enseñanza (Elemental)
_911517
905 _aLibro
999 _c17570
_d17570